[Event "FRA-chT Top 12 (Women) GpB"]
[Site "Paris"]
[Date "2025.05.11"]
[Round "5.8"]
[White "Schippke, Manon"]
[Black "Bernard, Ines"]
[Result "1/2-1/2"]
[WhiteElo "2161"]
[BlackElo "2077"]
[PlyCount "137"]
[EventDate "2025.05.08"]
[EventType "team-tourn"]
[EventRounds "5"]
[EventCountry "FRA"]
[SourceTitle "CB20_2025"]
[SourceDate "2025.05.14"]
[SourceVersion "1"]
[SourceVersionDate "2025.05.14"]
[SourceQuality "1"]
[WhiteTeam "Chartres (W)"]
[BlackTeam "Marseille (W)"]
[WhiteTeamCountry "FRA"]
[BlackTeamCountry "FRA"]

1. e4 c5 2. Nf3 d6 3. d4 cxd4 4. Nxd4 Nf6 5. Nc3 a6 6. Rg1 e5 7. Nb3 h5 8. Bg5 Be6 9. Nd5 Bxd5 10. exd5 Be7 11. h4 Nbd7 12. f3 Rc8 13. Qd2 Nb6 14. 0-0-0 Nbxd5 15. Bd3 b5 16. Bf5 Rc7 17. Kb1 g6 18. Be4 Nxe4 19. fxe4 Nf6 20. Bxf6 Bxf6 21. g3 Be7 22. Nc1 Rc4 23. Qe3 Qa8 24. Rge1 Qc8 25. Re2 0-0 26. Nd3 f5 27. exf5 Qxf5 28. Qa7 Rf7 29. Qxa6 Qf3 30. Rde1 Qxg3 31. Qxb5 Rxh4 32. a4 Bf8 33. a5 Qg4 34. Re4 Qg5 35. Rxh4 Qxh4 36. a6 Qd4 37. c3 Qa7 38. Nb4 Qa8 39. Qb6 Ra7 40. Rg1 Kg7 41. Qe3 Rf7 42. Qd3 e4 43. Qg3 Rf6 44. Qg5 d5 45. Nxd5 Rxa6 46. Qe5+ Kg8 47. Kc2 Bg7 48. Qxe4 Kh8 49. Qe2 Ra2 50. Qc4 Qa6 51. Qe4 Kh7 52. Kb3 Ra5 53. Nb4 Qb6 54. Rg2 Re5 55. Qc4 Rc5 56. Qf7 Rf5 57. Qd7 h4 58. Qd3 Rh5 59. Rh2 h3 60. Qd7 Qe3 61. Nd5 Qf3 62. Ne7 Qf7+ 63. Kc2 Bf8 64. Rxh3 Qxe7 65. Rxh5+ gxh5 66. Qxe7+ Bxe7 67. Kd1 h4 68. Ke2 Bc5 69. Kf3 1/2-1/2

[Event "FRA-chT Top 12 (Women) GpB"]
[Site "Paris"]
[Date "2025.05.10"]
[Round "4.3"]
[White "Schippke, Manon"]
[Black "Alexieva, Silvia"]
[Result "1/2-1/2"]
[WhiteElo "2161"]
[BlackElo "2203"]
[PlyCount "38"]
[EventDate "2025.05.08"]
[EventType "team-tourn"]
[EventRounds "5"]
[EventCountry "FRA"]
[SourceTitle "CB20_2025"]
[SourceDate "2025.05.14"]
[SourceVersion "1"]
[SourceVersionDate "2025.05.14"]
[SourceQuality "1"]
[WhiteTeam "Chartres (W)"]
[BlackTeam "Barreau de Paris (W)"]
[WhiteTeamCountry "FRA"]
[BlackTeamCountry "FRA"]

1. c4 e5 2. a3 Nf6 3. Nc3 d5 4. cxd5 Nxd5 5. Nf3 Nc6 6. e4 Nxc3 7. bxc3 Bd6 8. Be2 0-0 9. 0-0 f5 10. d4 exd4 11. Bc4+ Kh8 12. Ng5 Qe8 13. Re1 Qg6 14. cxd4 fxe4 15. Nxe4 Bg4 16. Qd3 Rae8 17. Bb2 Bf5 18. f3 Re7 19. Re2 Rfe8 1/2-1/2

[Event "FRA-chT rapid"]
[Site "Cappelle la Grande"]
[Date "2025.04.20"]
[Round "12.7"]
[White "Schippke, Manon"]
[Black "Abiven, Pierre Louis"]
[Result "1-0"]
[WhiteElo "2206"]
[BlackElo "2022"]
[PlyCount "101"]
[EventDate "2025.04.19"]
[EventType "team-swiss (rapid)"]
[EventRounds "15"]
[EventCountry "FRA"]
[SourceTitle "CB17_2025"]
[SourceDate "2025.04.23"]
[SourceVersion "1"]
[SourceVersionDate "2025.04.23"]
[SourceQuality "1"]

1. d4 d5 2. c4 e6 3. Nf3 Nf6 4. g3 Bb4+ 5. Nc3 0-0 6. Bg2 Nbd7 7. 0-0 c6 8. Qb3 Bd6 9. Rd1 Qe7 10. Bf4 dxc4 11. Qxc4 e5 12. Bg5 h6 13. Bxf6 Nxf6 14. dxe5 Bxe5 15. Nxe5 Qxe5 16. Qb4 Qc7 17. e4 Bg4 18. f3 Be6 19. Na4 b6 20. f4 Rad8 21. h3 c5 22. Qe1 Rxd1 23. Rxd1 Rd8 24. Nc3 Rxd1 25. Qxd1 Qd7 26. Qxd7 Nxd7 27. Kf2 f6 28. Ke3 g5 29. Nd5 Kf7 30. a3 Bxd5 31. exd5 f5 32. fxg5 hxg5 33. h4 Kf6 34. hxg5+ Kxg5 35. d6 Ne5 36. Bf1 Kf6 37. Bb5 Nf7 38. d7 Ke5 39. Bc4 Nd8 40. a4 Nc6 41. Bb5 Nd8 42. Kf3 Ne6 43. Kg2 f4 44. g4 Ke4 45. Kf2 Nd8 46. b3 f3 47. g5 Kf5 48. Kxf3 Kxg5 49. Ke4 Kf6 50. Kd5 Ke7 51. a5 1-0

[Event "FRA-chT rapid"]
[Site "Cappelle la Grande"]
[Date "2025.04.19"]
[Round "2.11"]
[White "Dubois, Herve"]
[Black "Schippke, Manon"]
[Result "0-1"]
[WhiteElo "1804"]
[BlackElo "2206"]
[PlyCount "124"]
[EventDate "2025.04.19"]
[EventType "team-swiss (rapid)"]
[EventRounds "15"]
[EventCountry "FRA"]
[SourceTitle "CB17_2025"]
[SourceDate "2025.04.23"]
[SourceVersion "1"]
[SourceVersionDate "2025.04.23"]
[SourceQuality "1"]

1. c4 Nf6 2. g3 c6 3. Bg2 d5 4. Nf3 dxc4 5. Qc2 b5 6. a4 Bb7 7. axb5 cxb5 8. b3 cxb3 9. Qxb3 Qd5 10. Qc2 Qc6 11. Qb2 e6 12. 0-0 Be7 13. d4 0-0 14. Bd2 a6 15. Rc1 Qd6 16. Bf4 Qb4 17. Qd2 Qxd2 18. Nbxd2 Nd5 19. Bg5 Bxg5 20. Nxg5 Nc6 21. e3 a5 22. Nge4 b4 23. Nd6 Nd8 24. Nb3 a4 25. Nc5 Bc6 26. e4 Nc3 27. Kf1 f5 28. d5 exd5 29. exd5 Bxd5 30. Bxd5+ Nxd5 31. Rxa4 Rxa4 32. Nxa4 Ne6 33. Rc6 f4 34. Nb5 Rf6 35. Rc8+ Nf8 36. Nd4 fxg3 37. hxg3 h6 38. Rb8 Kh7 39. Nc2 Nd7 40. Rb7 Ne5 41. Nd4 Nd3 42. f4 Ra6 43. Nf5 Rxa4 44. Nxg7 Kg8 45. f5 Nf6 46. Ne6 Ne5 47. Rg7+ Kh8 48. Rb7 Ra1+ 49. Kg2 Ra2+ 50. Kf1 Ra1+ 51. Kg2 Rd1 52. Rb8+ Kh7 53. Rxb4 Rd2+ 54. Kg1 Nf3+ 55. Kf1 Nh2+ 56. Kg1 Nf3+ 57. Kf1 h5 58. Rb7+ Kh6 59. Rg7 Ne5 60. Rb7 Nfg4 61. Nf4 Ne3+ 62. Ke1 Nf3# 0-1

[Event "FRA-chT rapid"]
[Site "Cappelle la Grande"]
[Date "2025.04.19"]
[Round "1.11"]
[White "Schippke, Manon"]
[Black "Harle, Soanne"]
[Result "1-0"]
[WhiteElo "2206"]
[BlackElo "1806"]
[PlyCount "92"]
[EventDate "2025.04.19"]
[EventType "team-swiss (rapid)"]
[EventRounds "15"]
[EventCountry "FRA"]
[SourceTitle "CB17_2025"]
[SourceDate "2025.04.23"]
[SourceVersion "1"]
[SourceVersionDate "2025.04.23"]
[SourceQuality "1"]

1. e4 d5 2. exd5 Qxd5 3. Nc3 Qa5 4. d4 Nf6 5. Nf3 Bf5 6. Ne5 c6 7. Nc4 Qc7 8. Bd3 Bxd3 9. Qxd3 Nbd7 10. 0-0 e6 11. Qf3 Nd5 12. Ne4 Be7 13. Ncd2 0-0 14. c4 N5f6 15. a3 a5 16. b3 Rad8 17. Bb2 e5 18. Nxf6+ Bxf6 19. Qg3 Rc8 20. Ne4 exd4 21. Nxf6+ Nxf6 22. Qxc7 Rxc7 23. Bxd4 Rd7 24. Bb6 Re8 25. Bxa5 h6 26. Rfe1 Rxe1+ 27. Bxe1 Rd3 28. b4 Ne4 29. f3 Nf6 30. Kf2 Kf8 31. Ke2 Rb3 32. Ra2 Nd7 33. c5 Ne5 34. Bd2 Nc4 35. Bc1 Ke7 36. h4 Ke6 37. Rc2 Nxa3 38. Rb2 Rxb2+ 39. Bxb2 Nc2 40. Bxg7 Nxb4 41. Bxh6 Kd5 42. Be3 Na6 43. h5 Nxc5 44. Bxc5 Kxc5 45. h6 b5 46. h7 Kd5 1-0

[Event "EU-ch (Women) 25th"]
[Site "Rhodes"]
[Date "2025.03.31"]
[Round "1"]
[White "Schippke, Manon"]
[Black "Golsta, Madara"]
[Result "0-1"]
[WhiteElo "2256"]
[BlackElo "1979"]
[PlyCount "68"]
[EventDate "2025.03.31"]
[EventType "swiss"]
[EventRounds "11"]
[EventCountry "GRE"]
[SourceTitle "CB16_2025"]
[SourceDate "2025.04.16"]
[SourceVersion "1"]
[SourceVersionDate "2025.04.16"]
[SourceQuality "1"]

1. e4 c5 2. Nf3 d6 3. d4 cxd4 4. Nxd4 Nf6 5. Nc3 g6 6. Be3 Bg7 7. f3 Nc6 8. Bc4 0-0 9. Qe2 Bd7 10. 0-0-0 Na5 11. Bd3 Rc8 12. g4 e5 13. Ndb5 Be6 14. Qf2 Nc6 15. Be2 Ne8 16. Bxa7 Nxa7 17. Qxa7 Ra8 18. Qxb7 Bxa2 19. Nxa2 Rxa2 20. Kb1 Ra8 21. g5 Qa5 22. Na3 Nc7 23. Qc6 Rfb8 24. Kc1 Rxb2 25. Qxa8+ Qxa8 26. Kxb2 d5 27. exd5 e4+ 28. Kb3 Qb7+ 29. Ka4 Nxd5 30. Nb5 Qc6 31. Rd2 e3 32. Rd3 Qxc2+ 33. Ka5 Qxe2 34. Rxd5 Qa2+ 0-1

[Event "Sitges Sunway op-A 11th"]
[Site "Sitges"]
[Date "2024.12.22"]
[Round "10"]
[White "Schippke, Manon"]
[Black "Koridze, Lile"]
[Result "1/2-1/2"]
[WhiteElo "2213"]
[BlackElo "2107"]
[PlyCount "84"]
[EventDate "2024.12.12"]
[EventType "swiss"]
[EventRounds "10"]
[EventCountry "ESP"]
[SourceTitle "CB52_2024"]
[SourceDate "2024.12.25"]
[SourceVersion "1"]
[SourceVersionDate "2024.12.25"]
[SourceQuality "1"]

1. d4 Nf6 2. c4 e6 3. Nc3 Bb4 4. a3 Bxc3+ 5. bxc3 b6 6. f3 d5 7. cxd5 exd5 8. e3 0-0 9. Bd3 c5 10. Ne2 Nc6 11. 0-0 Re8 12. Ng3 Be6 13. a4 Qc7 14. Ba3 Na5 15. e4 cxd4 16. cxd4 dxe4 17. fxe4 Ng4 18. d5 Bd7 19. Bb2 Qc5+ 20. Kh1 Nf2+ 21. Rxf2 Qxf2 22. Rb1 Rac8 23. e5 Qe3 24. Bd4 Qh6 25. Ne4 Bf5 26. Nf6+ gxf6 27. Bxf5 Rcd8 28. exf6 Rxd5 29. Qg4+ Kh8 30. h3 Rg8 31. Qe4 Rd6 32. Be5 Re8 33. Re1 Rdd8 34. Kh2 Qg5 35. Re3 Qh6 36. Rg3 Nc4 37. Bf4 Qxf6 38. Qxc4 Qxf5 39. Bg5 f6 40. Qf7 Qxg5 41. Rxg5 fxg5 42. Qxa7 Re6 1/2-1/2

[Event "Wch U18 Girls"]
[Site "Florianopolis"]
[Date "2024.11.05"]
[Round "7"]
[White "Mogollon Tobar, Nicolle Juliet"]
[Black "Schippke, Manon"]
[Result "0-1"]
[WhiteElo "2068"]
[BlackElo "2280"]
[PlyCount "44"]
[EventDate "2024.10.29"]
[EventType "swiss"]
[EventRounds "11"]
[EventCountry "BRA"]
[SourceTitle "CB45_2024"]
[Source "ChessBase"]
[SourceDate "2024.11.06"]
[SourceVersion "1"]
[SourceVersionDate "2024.11.06"]
[SourceQuality "1"]

1. e4 e6 2. d4 d5 3. e5 c5 4. c3 Nc6 5. Nf3 Nge7 6. Be2 cxd4 7. cxd4 Nf5 8. Nc3 Qb6 9. Na4 Qa5+ 10. Bd2 Bb4 11. Bc3 Bxc3+ 12. Nxc3 Qb6 13. Na4 Qb4+ 14. Kf1 b5 15. Nc3 Nfxd4 16. Nxd4 Nxd4 17. a3 Qxb2 18. Qc1 Qxc1+ 19. Rxc1 Nxe2 20. Kxe2 Bd7 21. Rb1 Rb8 22. Na4 Rc8 0-1

[Event "Wch U18 Girls"]
[Site "Florianopolis"]
[Date "2024.11.03"]
[Round "6"]
[White "Schippke, Manon"]
[Black "Kairbekova, Amina"]
[Result "0-1"]
[WhiteElo "2280"]
[BlackElo "2288"]
[PlyCount "102"]
[EventDate "2024.10.29"]
[EventType "swiss"]
[EventRounds "11"]
[EventCountry "BRA"]
[SourceTitle "CB45_2024"]
[Source "ChessBase"]
[SourceDate "2024.11.06"]
[SourceVersion "1"]
[SourceVersionDate "2024.11.06"]
[SourceQuality "1"]

1. d4 Nf6 2. c4 g6 3. Nc3 Bg7 4. e4 d6 5. Nf3 0-0 6. h3 a5 7. Be3 Nbd7 8. g4 e5 9. d5 Nc5 10. Nd2 c6 11. Qc2 a4 12. a3 Bd7 13. 0-0-0 cxd5 14. exd5 Rc8 15. Kb1 Ne8 16. Bxc5 dxc5 17. Nxa4 Nd6 18. Nc3 f5 19. f3 Rb8 20. Bd3 Qf6 21. gxf5 gxf5 22. Rhg1 Rfc8 23. a4 Ra8 24. Rg2 Kh8 25. Rdg1 Bh6 26. Re1 Ra6 27. Rge2 Bf4 28. Nb5 Nf7 29. Rg1 Rca8 30. b3 Rc8 31. h4 Bh6 32. Qc3 Qxh4 33. d6 Qf4 34. Kc2 Bxb5 35. cxb5 Rxd6 36. Bc4 Ng5 37. Reg2 Rcd8 38. Nb1 Rg6 39. a5 Nxf3 40. Rxg6 hxg6 41. Rh1 Nd4+ 42. Kb2 Kg7 43. a6 bxa6 44. bxa6 Qe4 45. Re1 Qg2+ 46. Ka3 Bf4 47. Rf1 Rb8 48. Qa5 Nc2+ 49. Kb2 Ne3+ 50. Ka1 Nxc4 51. Qc7+ Kf6 0-1

[Event "Wch U18 Girls"]
[Site "Florianopolis"]
[Date "2024.11.02"]
[Round "5"]
[White "Ter Avetisjana, Agnesa Stepania"]
[Black "Schippke, Manon"]
[Result "0-1"]
[WhiteElo "2125"]
[BlackElo "2280"]
[PlyCount "118"]
[EventDate "2024.10.29"]
[EventType "swiss"]
[EventRounds "11"]
[EventCountry "BRA"]
[SourceTitle "CB45_2024"]
[Source "ChessBase"]
[SourceDate "2024.11.06"]
[SourceVersion "1"]
[SourceVersionDate "2024.11.06"]
[SourceQuality "1"]

1. e4 e6 2. d4 d5 3. Nd2 c5 4. exd5 exd5 5. Ngf3 Nc6 6. c3 Bd6 7. dxc5 Bxc5 8. Nb3 Bb6 9. h3 Nf6 10. Bd3 0-0 11. 0-0 Ne4 12. Nbd4 Qf6 13. Be3 Re8 14. Re1 h6 15. Nb5 Ba5 16. Nbd4 a6 17. Nxc6 bxc6 18. Bd4 Qd8 19. Ne5 c5 20. Bxe4 dxe4 21. Nc6 Qc7 22. Nxa5 cxd4 23. Qa4 Re5 24. Nb3 dxc3 25. Rac1 c2 26. Re2 e3 27. Rexc2 exf2+ 28. Rxf2 Qe7 29. Rcf1 Be6 30. Nd4 Bd5 31. Nf5 Qg5 32. h4 Qg6 33. Qf4 Rae8 34. a3 Kh7 35. Ng3 f6 36. Kh2 h5 37. Rd1 Rc8 38. Rd4 Rc2 39. Rfd2 Bc6 40. Rc4 Rxc4 41. Qxc4 Be4 42. Rd4 f5 43. Qe2 Qg4 44. Qxg4 hxg4 45. Nh5 g5 46. Nf6+ Kg7 47. Nxe4 fxe4 48. hxg5 e3 49. Rd1 Kg6 50. Kg3 Kxg5 51. b4 Kf5 52. Rb1 Ke4 53. Kxg4 e2 54. a4 Kd4 55. Re1 Ke3 56. b5 axb5 57. axb5 Kf2 58. Rb1 Kxg2 59. b6 e1Q 0-1

[Event "Wch U18 Girls"]
[Site "Florianopolis"]
[Date "2024.10.31"]
[Round "3"]
[White "Rajanya, Datta"]
[Black "Schippke, Manon"]
[Result "0-1"]
[WhiteElo "1845"]
[BlackElo "2280"]
[PlyCount "76"]
[EventDate "2024.10.29"]
[EventType "swiss"]
[EventRounds "11"]
[EventCountry "BRA"]
[SourceTitle "CB45_2024"]
[Source "ChessBase"]
[SourceDate "2024.11.06"]
[SourceVersion "1"]
[SourceVersionDate "2024.11.06"]
[SourceQuality "1"]

1. e4 e5 2. Nf3 Nc6 3. Bb5 a6 4. Ba4 Nf6 5. 0-0 d6 6. Re1 Bd7 7. c3 g6 8. d4 Bg7 9. Nbd2 0-0 10. Nf1 Qe8 11. Bc2 Nh5 12. Bd2 exd4 13. cxd4 Nxd4 14. Nxd4 Bxd4 15. Rb1 Qe5 16. Bh6 Rfe8 17. Nd2 Qc5 18. Rf1 Be6 19. b4 Qc6 20. Nb3 Bg7 21. Be3 Qd7 22. f4 Nf6 23. Bd4 Bg4 24. Qe1 Qc6 25. Rc1 Nxe4 26. Bxg7 Kxg7 27. Qh4 Qb6+ 28. Kh1 Be2 29. Bxe4 Rxe4 30. Rg1 Qxb4 31. Rxc7 Rxf4 32. Qe7 Bb5 33. Rxb7 Re8 34. Qc7 Re1 35. h3 Rxg1+ 36. Kxg1 Rf6 37. Kh2 Qf4+ 38. g3 Qf2+ 0-1

[Event "Mulhouse Lallemand Memorial op"]
[Site "Mulhouse"]
[Date "2024.06.23"]
[Round "9"]
[White "Guichard, Pauline"]
[Black "Schippke, Manon"]
[Result "0-1"]
[WhiteElo "2357"]
[BlackElo "2197"]
[PlyCount "65"]
[EventDate "2024.06.22"]
[EventType "swiss (rapid)"]
[EventRounds "9"]
[EventCountry "FRA"]
[SourceTitle "CBM 220 Extra"]
[Source "ChessBase"]
[SourceDate "2024.07.31"]
[SourceVersion "1"]
[SourceVersionDate "2024.07.31"]
[SourceQuality "1"]

1. d4 d5 2. c4 e6 3. Nc3 Nf6 4. Nf3 c6 5. e3 Nbd7 6. b3 Bb4 7. Bd2 0-0 8. Bd3 Qe7 9. 0-0 e5 10. cxd5 Bxc3 11. Bxc3 e4 12. dxc6 bxc6 13. Be2 exf3 14. Bxf3 Nd5 15. Bb2 N7f6 16. Qc2 Ba6 17. Rfc1 Rac8 18. a4 Rfe8 19. Ba3 Qd7 20. e4 Nf4 21. Rd1 h6 22. Rac1 Ne6 23. e5 Nd5 24. h4 Qd8 25. Qe4 Qb6 26. b4 Bb7 27. Rc4 Qa6 28. Qc2 Red8 29. Rc1 Nb6 30. Be2 Nxc4 31. Bxc4 Qb6 32. Qa2 Qxd4 33. Bb2 0-1

[Event "FRA-chT Top 16 GpB"]
[Site "Chartres"]
[Date "2024.06.02"]
[Round "4.8"]
[White "Bensdorp, Marlies"]
[Black "Schippke, Manon"]
[Result "1-0"]
[WhiteElo "2229"]
[BlackElo "2190"]
[PlyCount "57"]
[EventDate "2024.05.30"]
[EventType "team-tourn"]
[EventRounds "7"]
[EventCountry "FRA"]
[SourceTitle "CBM 220 Extra"]
[Source "ChessBase"]
[SourceDate "2024.07.31"]
[SourceVersion "1"]
[SourceVersionDate "2024.07.31"]
[SourceQuality "1"]
[WhiteTeam "Cannes"]
[BlackTeam "Chartres"]
[WhiteTeamCountry "FRA"]
[BlackTeamCountry "FRA"]

1. d4 d5 2. c4 e6 3. Nc3 Nf6 4. cxd5 exd5 5. Bg5 c6 6. e3 Be7 7. Qc2 0-0 8. Bd3 h6 9. Bh4 Re8 10. Nge2 Ne4 11. Bxe7 Qxe7 12. Bxe4 dxe4 13. Ng3 f5 14. 0-0 Be6 15. f3 Na6 16. fxe4 Nb4 17. Qe2 fxe4 18. Rf4 Bd5 19. Nf5 Qg5 20. Nxg7 Qxg7 21. Rg4 Re7 22. Rxg7+ Rxg7 23. a3 Nd3 24. Nxd5 cxd5 25. Qh5 Rd8 26. Qxh6 Nxb2 27. Qe6+ Kh8 28. Qh6+ Kg8 29. Rf1 1-0

[Event "FRA-chT Top 12 (Women) GpA"]
[Site "Chartres"]
[Date "2024.05.11"]
[Round "4.11"]
[White "Grimault, Leane"]
[Black "Schippke, Manon"]
[Result "0-1"]
[WhiteElo "1924"]
[BlackElo "2189"]
[PlyCount "107"]
[EventDate "2024.05.09"]
[EventType "team-tourn"]
[EventRounds "5"]
[EventCountry "FRA"]
[SourceTitle "CBM 220 Extra"]
[Source "ChessBase"]
[SourceDate "2024.07.31"]
[SourceVersion "1"]
[SourceVersionDate "2024.07.31"]
[SourceQuality "1"]
[WhiteTeam "Juvisy (W)"]
[BlackTeam "Chartres (W)"]
[WhiteTeamCountry "FRA"]
[BlackTeamCountry "FRA"]

1. c4 e5 2. Nc3 Nc6 3. Nf3 f5 4. g3 Nf6 5. d4 e4 6. Nh4 g6 7. Bg5 Bg7 8. Bg2 0-0 9. 0-0 d6 10. f3 exf3 11. Nxf3 h6 12. Bxf6 Qxf6 13. e3 g5 14. Nd5 Qd8 15. Qd3 Be6 16. Nd2 Qd7 17. a3 Rae8 18. Rae1 Kh8 19. b4 Nd8 20. Nc3 c6 21. d5 Bg8 22. Ne2 c5 23. Bh3 Bh7 24. Qb3 Nf7 25. Nc1 Ne5 26. Nd3 b6 27. Kh1 Ng4 28. Nf2 h5 29. Bg2 Qe7 30. Nxg4 hxg4 31. a4 Be5 32. bxc5 bxc5 33. Qa3 Qg7 34. Rf2 Qh6 35. Nf1 Rb8 36. a5 Rb4 37. Qc1 Qg7 38. Rc2 f4 39. exf4 Bxc2 40. Qxc2 gxf4 41. gxf4 Rxf4 42. Re4 Rb2 43. Qa4 Rbf2 44. Rxf4 Rxf4 45. Qe8+ Rf8 46. Qe6 Qh7 47. Kg1 Qf5 48. Qh6+ Kg8 49. Kh1 Rf6 50. Qh4 Qf4 51. Qh5 Bd4 52. Qe8+ Kg7 53. Qe2 Be5 54. Qc2 0-1

[Event "Mitropa Cup (Women)"]
[Site "Apolda"]
[Date "2024.02.23"]
[Round "9.6"]
[White "Schippke, Manon"]
[Black "Zimina, Olga"]
[Result "1-0"]
[WhiteElo "2135"]
[BlackElo "2291"]
[PlyCount "83"]
[EventDate "2024.02.15"]
[EventType "team-tourn"]
[EventRounds "9"]
[EventCountry "GER"]
[SourceTitle "CBM 218 Extra"]
[Source "ChessBase"]
[SourceDate "2024.03.31"]
[SourceVersion "1"]
[SourceVersionDate "2024.03.31"]
[SourceQuality "1"]
[WhiteTeam "France (W)"]
[BlackTeam "Italy (W)"]
[WhiteTeamCountry "FRA"]
[BlackTeamCountry "ITA"]

1. e4 c6 2. d4 d5 3. exd5 cxd5 4. Bd3 Nf6 5. c3 Nc6 6. Bf4 Bg4 7. Qb3 Qd7 8. Nd2 e6 9. Ngf3 Bd6 10. Bxd6 Qxd6 11. 0-0 0-0 12. Rae1 Bxf3 13. Nxf3 Qc7 14. Qc2 Rfc8 15. a3 Rab8 16. Qe2 a6 17. Ne5 Nxe5 18. dxe5 Nd7 19. f4 Re8 20. Rf3 g6 21. h4 Qd8 22. Rh3 b5 23. h5 Nf8 24. Qg4 d4 25. c4 bxc4 26. Bxc4 Rxb2 27. hxg6 fxg6 28. f5 Qa5 29. Qg3 Qc5 30. fxg6 d3+ 31. Re3 hxg6 32. Qh4 Qxe3+ 33. Rxe3 d2 34. Be2 Rb1+ 35. Kh2 Rb7 36. Rh3 Rh7 37. Qg5 Rd7 38. Qf6 Rg7 39. Qg5 Rd7 40. Qh6 Kf7 41. Qh8 Red8 42. Rf3+ 1-0

[Event "EU-ch Rapid (Women)"]
[Site "Monaco"]
[Date "2024.01.14"]
[Round "7"]
[White "Unuk, Laura"]
[Black "Schippke, Manon"]
[Result "1/2-1/2"]
[WhiteElo "2346"]
[BlackElo "2162"]
[PlyCount "83"]
[EventDate "2024.01.13"]
[EventType "swiss (rapid)"]
[EventRounds "11"]
[EventCountry "MNC"]
[SourceTitle "CBM 218 Extra"]
[Source "ChessBase"]
[SourceDate "2024.03.31"]
[SourceVersion "1"]
[SourceVersionDate "2024.03.31"]
[SourceQuality "1"]

1. d4 d5 2. Bf4 c5 3. e3 Nf6 4. Nc3 a6 5. dxc5 Nc6 6. Nf3 e6 7. Na4 Nd7 8. Qd2 Nxc5 9. Nxc5 Bxc5 10. 0-0-0 0-0 11. Kb1 b5 12. h4 Re8 13. h5 h6 14. Ne5 Nxe5 15. Bxe5 Bb7 16. Bxg7 Kxg7 17. Qc3+ e5 18. Qxc5 Rc8 19. Qb4 Qf6 20. Be2 d4 21. Bf3 Rc4 22. Qd2 Bxf3 23. gxf3 Rec8 24. Rhg1+ Kh7 25. Qd3+ Kh8 26. exd4 Rxd4 27. Qe3 Rf4 28. Rd3 Qf5 29. Qd2 Kh7 30. Rd6 Qxh5 31. Rd8 Rc6 32. a3 Qxf3 33. Rgg8 Qh1+ 34. Ka2 Qe4 35. Rh8+ Kg6 36. Rd6+ Kg5 37. Rhxh6 Qc4+ 38. Kb1 Qf1+ 39. Ka2 Qc4+ 40. Kb1 Qf1+ 41. Ka2 Qc4+ 42. Kb1 1/2-1/2

[Event "EU-ch Blitz (Women)"]
[Site "Monaco"]
[Date "2024.01.12"]
[Round "7"]
[White "Osmak, Iulija"]
[Black "Schippke, Manon"]
[Result "1-0"]
[WhiteElo "2450"]
[BlackElo "2162"]
[PlyCount "83"]
[EventDate "2024.01.12"]
[EventType "swiss (blitz)"]
[EventRounds "13"]
[EventCountry "MNC"]
[SourceTitle "CBM 218 Extra"]
[Source "ChessBase"]
[SourceDate "2024.03.31"]
[SourceVersion "1"]
[SourceVersionDate "2024.03.31"]
[SourceQuality "1"]

1. e4 c5 2. Nf3 Nc6 3. Bb5 e6 4. 0-0 Nge7 5. c3 a6 6. Ba4 b5 7. Bc2 c4 8. b3 d6 9. a4 Bb7 10. Na3 cxb3 11. Bxb3 Qb6 12. d4 Na5 13. Bc2 d5 14. e5 Ng6 15. h4 Nc4 16. h5 Ne7 17. Rb1 Nc6 18. axb5 Nxa3 19. Bxa3 axb5 20. Bxf8 Kxf8 21. Bd3 Ra5 22. Qe2 Ba6 23. Nd2 Ke7 24. Nb3 Ra3 25. Qb2 b4 26. Bxa6 Rxa6 27. Nc5 Ra7 28. cxb4 Rha8 29. b5 Na5 30. Qb4 Ke8 31. Na6 Nc4 32. Rfd1 Rb7 33. Nc5 Rba7 34. Ne4 Ra4 35. Nd6+ Nxd6 36. Qxd6 Qxd6 37. exd6 Rb8 38. Rdc1 Ra5 39. b6 Ra6 40. b7 Kd7 41. Rc7+ Kxd6 42. Rc8 1-0

[Event "EU-ch Blitz (Women)"]
[Site "Monaco"]
[Date "2024.01.12"]
[Round "5"]
[White "Schippke, Manon"]
[Black "Kosteniuk, Alexandra"]
[Result "1-0"]
[WhiteElo "2162"]
[BlackElo "2501"]
[PlyCount "95"]
[EventDate "2024.01.12"]
[EventType "swiss (blitz)"]
[EventRounds "13"]
[EventCountry "MNC"]
[SourceTitle "CBM 218 Extra"]
[Source "ChessBase"]
[SourceDate "2024.03.31"]
[SourceVersion "1"]
[SourceVersionDate "2024.03.31"]
[SourceQuality "1"]

1. e4 c6 2. d4 d5 3. e5 c5 4. dxc5 e6 5. c3 Bxc5 6. Qg4 Ne7 7. b4 Bb6 8. Qxg7 Rg8 9. Qxh7 Nbc6 10. Nf3 Qc7 11. Bf4 Bd7 12. Na3 a6 13. Qc2 Ng6 14. Bg3 Ncxe5 15. Nxe5 Nxe5 16. Be2 0-0-0 17. 0-0 f6 18. c4 dxc4 19. Nxc4 Kb8 20. Rac1 Bc6 21. a4 Bd4 22. Na5 Rxg3 23. hxg3 Qg7 24. Rfd1 Ka8 25. Nxc6 bxc6 26. b5 c5 27. bxa6 Qh6 28. Qe4+ Rd5 29. Rb1 f5 30. Qf4 Qxf4 31. gxf4 Ng4 32. Bxg4 fxg4 33. Kf1 Ka7 34. Rb7+ Kxa6 35. Rdb1 c4 36. Rb8 c3 37. Rc8 Rd7 38. Ke2 Rd5 39. Kd3 Bxf2+ 40. Kxc3 Be3 41. Ra8+ Ba7 42. Rc8 Rd6 43. Kc4 Rd4+ 44. Kc3 Rxa4 45. Rb4 Ra3+ 46. Kc4 Ra1 47. Rc6+ Ka5 48. Rb5+ 1-0

[Event "EU-ch Blitz (Women)"]
[Site "Monaco"]
[Date "2024.01.12"]
[Round "9"]
[White "Schippke, Manon"]
[Black "Salimova, Nurgyul"]
[Result "0-1"]
[WhiteElo "2162"]
[BlackElo "2426"]
[PlyCount "84"]
[EventDate "2024.01.12"]
[EventType "swiss (blitz)"]
[EventRounds "13"]
[EventCountry "MNC"]
[SourceTitle "CBM 218 Extra"]
[Source "ChessBase"]
[SourceDate "2024.03.31"]
[SourceVersion "1"]
[SourceVersionDate "2024.03.31"]
[SourceQuality "1"]

1. e4 c6 2. d4 d5 3. e5 Bf5 4. c4 e6 5. Nc3 Ne7 6. a3 dxc4 7. Bxc4 Nd7 8. Nge2 h5 9. Ng3 h4 10. Nge4 Nd5 11. Bg5 Nxc3 12. bxc3 f6 13. exf6 gxf6 14. Bxe6 Bxe6 15. Bf4 Bd5 16. 0-0 Bxe4 17. Re1 f5 18. f3 Qa5 19. fxe4 0-0-0 20. e5 Bh6 21. Bxh6 Rxh6 22. e6 Nf6 23. e7 Re8 24. Qd2 Rg6 25. Re5 Qc7 26. Rae1 Ne4 27. Qf4 Nd6 28. c4 Rg4 29. Qf3 Rxd4 30. c5 Nc4 31. Qxf5+ Qd7 32. Qxd7+ Kxd7 33. R5e2 b6 34. cxb6 axb6 35. a4 Nd6 36. Rb2 Kc7 37. Ra2 Rd5 38. Kf2 Rf5+ 39. Kg1 Rf7 40. Rae2 Kd7 41. g3 hxg3 42. hxg3 Rfxe7 0-1

[Event "EU-ch Blitz (Women)"]
[Site "Monaco"]
[Date "2024.01.12"]
[Round "10"]
[White "Ushenina, Anna"]
[Black "Schippke, Manon"]
[Result "1-0"]
[WhiteElo "2415"]
[BlackElo "2162"]
[PlyCount "79"]
[EventDate "2024.01.12"]
[EventType "swiss (blitz)"]
[EventRounds "13"]
[EventCountry "MNC"]
[SourceTitle "CBM 218 Extra"]
[Source "ChessBase"]
[SourceDate "2024.03.31"]
[SourceVersion "1"]
[SourceVersionDate "2024.03.31"]
[SourceQuality "1"]

1. d4 d5 2. Nf3 Nf6 3. e3 Bf5 4. Be2 h6 5. 0-0 e6 6. c4 c6 7. a3 Nbd7 8. Nbd2 Bd6 9. b4 a5 10. b5 0-0 11. bxc6 bxc6 12. c5 Be7 13. Qa4 Qc7 14. Bb2 Ne4 15. Nxe4 dxe4 16. Nd2 e5 17. Nc4 exd4 18. exd4 Be6 19. Bc3 Bxc4 20. Bxc4 Nf6 21. Rab1 Ng4 22. g3 h5 23. Rb6 h4 24. Qxc6 Qd8 25. Qxe4 Nf6 26. Qf5 Nd7 27. Rb7 Nf6 28. Re1 Re8 29. c6 hxg3 30. hxg3 Qd6 31. Qb5 Rac8 32. d5 Ng4 33. Be2 Bh4 34. Bxg4 Bxg3 35. Rxe8+ Rxe8 36. Qd3 Bh2+ 37. Kg2 Bf4 38. Rd7 Qh6 39. Qh3 Qg5 40. Qh5 1-0